Teoría de sistemas y circuitos

保存先:
書誌詳細
第一著者: Gerez Greiser, Víctor (著者)
フォーマット: 図書
言語:スペイン語
出版事項: Ciudad de México Halifax 1972
主題:
タグ: タグ追加
タグなし, このレコードへの初めてのタグを付けませんか!

MARC

LEADER 00000nam a2200000 a 4500
001 UCU5359
003 CL-VaPUC
008 960531e19720000MX |||||||||||||||||spa|d
082 0 4 |a 621.3192  |b GER  |2 21 
100 |a Gerez Greiser, Víctor  |e author  |9 410392 
245 1 0 |a Teoría de sistemas y circuitos 
300 |a 757 p 
942 |c BK 
945 |d 19960531 00:00:00  |a paguirre 
260 |a Ciudad de México  |b Halifax  |c 1972 
650 0 |a Circuitos eléctricos   |9 260262 
650 0 |a Sistemas   |9 336966 
650 0 |a Cálculo  |9 260234 
650 0 |a Matrices   |9 22 
650 0 |a Ecuaciones lineales   |9 342219 
583 |a last modification  |c 19960531 00:00:00  |k Rodrigo Vera 
999 |c 248751  |d 248749